<?xml version="1.0" encoding="UTF-8"?>
<record
    xmlns:xsi="http://www.w3.org/2001/XMLSchema-instance"
    xsi:schemaLocation="http://www.loc.gov/MARC21/slim http://www.loc.gov/standards/marcxml/schema/MARC21slim.xsd"
    xmlns="http://www.loc.gov/MARC21/slim">

  <leader>00809nam a2200229 a 4500</leader>
  <controlfield tag="001">55608</controlfield>
  <controlfield tag="003">BD-RJUL</controlfield>
  <controlfield tag="005">20211209080305.0</controlfield>
  <controlfield tag="008">781204s1956    enk           000 0 eng d</controlfield>
  <datafield tag="035" ind1=" " ind2=" ">
    <subfield code="a">(BD-RJUL)55731</subfield>
  </datafield>
  <datafield tag="040" ind1=" " ind2=" ">
    <subfield code="a">MNF</subfield>
    <subfield code="c">MNF</subfield>
    <subfield code="d">UKM</subfield>
    <subfield code="d">BD-RJUL</subfield>
    <subfield code="b">eng</subfield>
  </datafield>
  <datafield tag="041" ind1=" " ind2=" ">
    <subfield code="a">eng</subfield>
  </datafield>
  <datafield tag="082" ind1="0" ind2="4">
    <subfield code="a">822.912</subfield>
    <subfield code="2">23</subfield>
    <subfield code="b">SHC 1964</subfield>
  </datafield>
  <datafield tag="090" ind1=" " ind2=" ">
    <subfield code="a">PR5363</subfield>
    <subfield code="b">.C3 1956</subfield>
  </datafield>
  <datafield tag="100" ind1="1" ind2=" ">
    <subfield code="a">Shaw, Bernard,</subfield>
    <subfield code="d">1856-1950.</subfield>
    <subfield code="9">165657</subfield>
  </datafield>
  <datafield tag="245" ind1="1" ind2="0">
    <subfield code="a">Candida :</subfield>
    <subfield code="b">a mystery in three acts /</subfield>
    <subfield code="c">Bernard Shaw and  with an introd. and notes by A. C. Ward.</subfield>
  </datafield>
  <datafield tag="260" ind1=" " ind2=" ">
    <subfield code="a">London :</subfield>
    <subfield code="b">Longman Green and Co Ltd.,</subfield>
    <subfield code="c">1956 [Impression1964 ].</subfield>
  </datafield>
  <datafield tag="300" ind1=" " ind2=" ">
    <subfield code="a">122 p. ;</subfield>
    <subfield code="c">19 cm.</subfield>
  </datafield>
  <datafield tag="650" ind1=" " ind2=" ">
    <subfield code="a"> English drama -- Irish authors -- 20th century. </subfield>
    <subfield code="v">English drama -- Irish authors.</subfield>
    <subfield code="9">165658</subfield>
  </datafield>
  <datafield tag="700" ind1="1" ind2=" ">
    <subfield code="a">Ward, A. C.</subfield>
    <subfield code="q">(Alfred Charles),</subfield>
    <subfield code="d">1891-</subfield>
    <subfield code="9">165659</subfield>
  </datafield>
  <datafield tag="942" ind1=" " ind2=" ">
    <subfield code="2">ddc</subfield>
    <subfield code="c">BK</subfield>
  </datafield>
  <datafield tag="999" ind1=" " ind2=" ">
    <subfield code="c">55608</subfield>
    <subfield code="d">55608</subfield>
  </datafield>
  <datafield tag="952" ind1=" " ind2=" ">
    <subfield code="0">0</subfield>
    <subfield code="1">0</subfield>
    <subfield code="2">ddc</subfield>
    <subfield code="4">0</subfield>
    <subfield code="7">0</subfield>
    <subfield code="8">NFIC</subfield>
    <subfield code="a">RUCL</subfield>
    <subfield code="b">RUCL</subfield>
    <subfield code="c">Stack</subfield>
    <subfield code="d">1968-07-02</subfield>
    <subfield code="e">Swets &amp; Zeithinger</subfield>
    <subfield code="g">62.00</subfield>
    <subfield code="l">0</subfield>
    <subfield code="o">822.912 SHC 1964</subfield>
    <subfield code="r">2016-11-20 00:00:00</subfield>
    <subfield code="t">C-2</subfield>
    <subfield code="w">2016-11-20</subfield>
    <subfield code="y">BK</subfield>
  </datafield>
  <datafield tag="952" ind1=" " ind2=" ">
    <subfield code="0">0</subfield>
    <subfield code="1">0</subfield>
    <subfield code="2">ddc</subfield>
    <subfield code="4">0</subfield>
    <subfield code="7">1</subfield>
    <subfield code="8">NFIC</subfield>
    <subfield code="a">RUCL</subfield>
    <subfield code="b">RUCL</subfield>
    <subfield code="c">Reading</subfield>
    <subfield code="d">2025-07-27</subfield>
    <subfield code="l">0</subfield>
    <subfield code="o">822.912 SHC 1964</subfield>
    <subfield code="r">2025-07-27 00:00:00</subfield>
    <subfield code="t">C-1</subfield>
    <subfield code="w">2025-07-27</subfield>
    <subfield code="y">BK</subfield>
  </datafield>
  <datafield tag="952" ind1=" " ind2=" ">
    <subfield code="0">0</subfield>
    <subfield code="1">0</subfield>
    <subfield code="2">ddc</subfield>
    <subfield code="4">0</subfield>
    <subfield code="7">0</subfield>
    <subfield code="8">NFIC</subfield>
    <subfield code="a">RUCL</subfield>
    <subfield code="b">RUCL</subfield>
    <subfield code="c">GEN</subfield>
    <subfield code="d">2025-07-27</subfield>
    <subfield code="l">0</subfield>
    <subfield code="o">822.912 SHC 1964</subfield>
    <subfield code="r">2025-07-27 00:00:00</subfield>
    <subfield code="t">C-3</subfield>
    <subfield code="w">2025-07-27</subfield>
    <subfield code="y">BK</subfield>
  </datafield>
</record>
